[Event "1.CLZ 24/25,Slavoj Litomerice-Ricany 1925"]
[Site "Litomerice"]
[Date "2024.11.24"]
[Round "3.1"]
[White "Hollan, Martin"]
[Black "Nemec, Jachym"]
[WhiteElo "2347"]
[BlackElo "2411"]
[Result "1-0"]
[PlyCount "83"]

1. e4 c6 2. d4 d5 3. e5 Bf5 4. h4 a6 5. a4 c5 6. dxc5 Nc6 7. Nf3 e6 8. Nd4 Nxd4
9. Qxd4 Ne7 10. f4 Nc6 11. Qf2 Qa5+ 12. Bd2 Qxc5 13. Qxc5 Bxc5 14. Bd3 Bxd3 15.
cxd3 Nd4 16. Ra2 Rc8 17. Nc3 Nb3 18. Kd1 Bb4 19. Be1 d4 20. Ne2 a5 21. Bxb4
axb4 22. a5 O-O 23. Rh3 Nc5 24. b3 Ra8 25. Kc2 Rfd8 26. Kb2 h5 27. Rf3 Rac8 28.
Ra1 f6 29. exf6 gxf6 30. Rc1 Kf7 31. Rc4 Ke7 32. Rxb4 e5 33. fxe5 fxe5 34. Rc4
Rg8 35. Ng3 Ke6 36. Ka3 Kd5 37. Nxh5 Nd7 38. Rxc8 Rxc8 39. Nf6+ Nxf6 40. Rxf6
Rg8 41. Rb6 Rg7 42. Kb4 1-0

[Event "1.CLZ 24/25,Slavoj Litomerice-Ricany 1925"]
[Site "Litomerice"]
[Date "2024.11.24"]
[Round "3.2"]
[White "Smolik, Jachym"]
[Black "Hollan, Petr"]
[WhiteElo "2278"]
[BlackElo "2251"]
[Result "1-0"]
[PlyCount "149"]

1. c4 e6 2. Nf3 d5 3. e3 g6 4. Nc3 Bg7 5. d4 Nf6 6. Bd3 O-O 7. O-O b6 8. cxd5
exd5 9. b4 Re8 10. Rb1 Nbd7 11. b5 Bb7 12. Qb3 Ne4 13. Bb2 Nxc3 14. Bxc3 Nf8
15. Rfc1 Ne6 16. Rc2 c5 17. bxc6 Bxc6 18. Bd2 Qd7 19. Rxc6 Qxc6 20. Bb5 Qb7 21.
Bxe8 Rxe8 22. Rc1 Qd7 23. g3 Bf6 24. Kg2 Ng5 25. Nxg5 Bxg5 26. Qc2 h5 27. Qc6
Rd8 28. Qxd7 Rxd7 29. Rc8+ Kg7 30. Bb4 Bd8 31. a4 f6 32. Kf3 Kf7 33. Ke2 Ke8
34. a5 Rc7 35. Ra8 Kd7 36. Kd3 Be7 37. Bxe7 Kxe7 38. axb6 axb6 39. Rb8 Rc6 40.
f3 f5 41. Rb7+ Kf6 42. h3 Rd6 43. Rc7 Ke6 44. Rg7 Kf6 45. Rb7 Rc6 46. e4 fxe4+
47. fxe4 dxe4+ 48. Kxe4 Re6+ 49. Kd3 Kg5 50. d5 Rf6 51. Ke4 h4 52. gxh4+ Kxh4
53. Rh7+ Kg5 54. Ke5 Rf1 55. h4+ Kg4 56. d6 b5 57. Rh6 g5 58. hxg5 Kxg5 59. Rh8
Re1+ 60. Kd5 Rd1+ 61. Kc6 Rc1+ 62. Kxb5 Rd1 63. Kc6 Rc1+ 64. Kb6 Rd1 65. Kc7
Rc1+ 66. Kd8 Kf6 67. Rh6+ Kg7 68. Rh2 Kf8 69. d7 Ra1 70. Rf2+ Kg7 71. Rf4 Kg8
72. Ke7 Re1+ 73. Kd6 Rd1+ 74. Ke6 Kg7 75. Rf5 1-0

[Event "1.CLZ 24/25,Slavoj Litomerice-Ricany 1925"]
[Site "Litomerice"]
[Date "2024.11.24"]
[Round "3.3"]
[White "Brejnik, Gustav"]
[Black "Seidl, Jan"]
[WhiteElo "2229"]
[BlackElo "2247"]
[Result "1/2-1/2"]
[PlyCount "38"]

1. d4 Nf6 2. c4 e6 3. Nc3 d5 4. cxd5 exd5 5. Bg5 c6 6. e3 Nbd7 7. Bd3 Be7 8.
Nge2 O-O 9. O-O Re8 10. a4 a5 11. f3 Nf8 12. Bh4 Ne6 13. Qc2 h6 14. Rad1 Qb6
15. Kh1 Bd7 16. Bf5 Nf8 17. Bd3 Ne6 18. Bf5 Nf8 19. Bd3 Ne6 1/2-1/2

[Event "1.CLZ 24/25,Slavoj Litomerice-Ricany 1925"]
[Site "Litomerice"]
[Date "2024.11.24"]
[Round "3.4"]
[White "Prazak, Daniel"]
[Black "Buchcar, Tomas"]
[WhiteElo "2289"]
[BlackElo "2165"]
[Result "1/2-1/2"]
[PlyCount "155"]

1. e4 g6 2. d4 c6 3. Nc3 Bg7 4. Be3 d6 5. f4 d5 6. Nf3 Nf6 7. e5 Ng4 8. Bg1 h5
9. Qd2 Nh6 10. O-O-O Bg4 11. Be2 e6 12. Bf2 Nf5 13. g3 Bxf3 14. Bxf3 Nd7 15. h3
Bf8 16. g4 Ng7 17. Ne2 Be7 18. Ng3 h4 19. Nf1 Qb6 20. Ne3 O-O-O 21. Qd3 Ne8 22.
f5 g5 23. f6 Bf8 24. Qd2 Nc7 25. Ng2 c5 26. c3 c4 27. Be3 Qa5 28. a3 Nb5 29.
Qc2 Nb6 30. Kd2 Na4 31. Ra1 Nc5 32. Ke2 Nb3 33. Ra2 Kb8 34. Kf2 Qb6 35. Rd1 Bh6
36. Be2 a6 37. Ne1 Na7 38. Nf3 Rdg8 39. Rb1 Qc7 40. Bd1 Nc6 41. Qe2 Nca5 42.
Bc2 Qb6 43. Rg1 Nc6 44. Qd1 Ka8 45. a4 Bf8 46. Re1 Bh6 47. Kg2 Nca5 48. Qb1 Qd8
49. Bh7 Qf8 50. Bxg8 Qxg8 51. Qc2 Kb8 52. Ra3 Ka7 53. Rg1 Kb8 54. Rb1 Ka7 55.
Nd2 Nxd2 56. Bxd2 Qc8 57. Be3 Qc6 58. Kg1 Ka8 59. Qd2 Rg8 60. Bf2 Rg6 61. Qc2
Bf8 62. Ra2 Nb3 63. Be3 Qc7 64. Rf1 Ka7 65. Ra3 Na5 66. Raa1 Qc8 67. Rf2 Bh6
68. Rff1 Nb3 69. Ra3 Na5 70. Rb1 Bf8 71. b4 cxb3 72. Raxb3 Qc4 73. Rb6 Ba3 74.
Bc1 Bxc1 75. Qxc1 Qd3 76. Qf1 Qg3+ 77. Kh1 Rg8 78. R6b2 1/2-1/2

[Event "1.CLZ 24/25,Slavoj Litomerice-Ricany 1925"]
[Site "Litomerice"]
[Date "2024.11.24"]
[Round "3.5"]
[White "Kopriva, Martin"]
[Black "Bednar, Marcel"]
[WhiteElo "2167"]
[BlackElo "2228"]
[Result "1/2-1/2"]
[PlyCount "41"]

1. d4 Nf6 2. c4 b6 3. Nc3 Bb7 4. f3 g6 5. e4 d6 6. Be3 Bg7 7. Qd2 O-O 8. g4 e5
9. d5 h5 10. Bg5 hxg4 11. O-O-O Nbd7 12. h4 Qc8 13. fxg4 Nh7 14. Be3 Ndf6 15.
g5 Nh5 16. Bh3 Qe8 17. Bg4 Bc8 18. Bxh5 gxh5 19. Nge2 f5 20. exf5 Bxf5 21. Rdf1
 1/2-1/2

[Event "1.CLZ 24/25,Slavoj Litomerice-Ricany 1925"]
[Site "Litomerice"]
[Date "2024.11.24"]
[Round "3.6"]
[White "Lajbl, Jan"]
[Black "Ret, Adam"]
[WhiteElo "2218"]
[BlackElo "2095"]
[Result "1/2-1/2"]
[PlyCount "43"]

1. d4 d5 2. Nf3 Nf6 3. g3 g6 4. Bg2 Bg7 5. O-O O-O 6. c4 c6 7. Qb3 Qb6 8. Nc3
Rd8 9. Qa4 Bf5 10. cxd5 cxd5 11. Ne5 Nc6 12. Nxc6 bxc6 13. b3 Ne4 14. Nxe4 Bxd4
15. Rb1 dxe4 16. e3 Bf6 17. Bxe4 Bh3 18. Bg2 Bf5 19. e4 Rd4 20. Be3 Rxa4 21.
Bxb6 Rxa2 22. Bxa7 1/2-1/2

[Event "1.CLZ 24/25,Slavoj Litomerice-Ricany 1925"]
[Site "Litomerice"]
[Date "2024.11.24"]
[Round "3.7"]
[White "Vaclavik, Jan"]
[Black "Kuchynka, Lukas"]
[WhiteElo "2139"]
[BlackElo "2270"]
[Result "1/2-1/2"]
[PlyCount "41"]

1. d4 Nf6 2. Nf3 g6 3. g3 Bg7 4. Bg2 d6 5. O-O O-O 6. c4 Nc6 7. Nc3 a6 8. h3
Bd7 9. e4 e5 10. Be3 Qc8 11. Kh2 exd4 12. Nxd4 Ne5 13. b3 c5 14. Nde2 b5 15.
Qxd6 bxc4 16. bxc4 Re8 17. Rfd1 Re6 18. Qxc5 Rc6 19. Qe7 Re6 20. Qc5 Rc6 21.
Qe7 1/2-1/2

[Event "1.CLZ 24/25,Slavoj Litomerice-Ricany 1925"]
[Site "Litomerice"]
[Date "2024.11.24"]
[Round "3.8"]
[White "Hlavina, Matous"]
[Black "Sokolovsky, Jakub"]
[WhiteElo "2275"]
[BlackElo "2040"]
[Result "1/2-1/2"]
[PlyCount "147"]

1. e4 c5 2. Nf3 d6 3. d4 cxd4 4. Nxd4 Nf6 5. Nc3 a6 6. Be3 e5 7. Nb3 Be7 8. f3
Be6 9. Qd2 Nbd7 10. g4 b5 11. g5 b4 12. gxf6 bxc3 13. Qxc3 Nxf6 14. O-O-O O-O
15. Na5 Rc8 16. Nc6 Qc7 17. Nxe7+ Qxe7 18. Qa5 Rc6 19. Rg1 Kh8 20. Rg2 Rfc8 21.
c3 Bh3 22. Rgd2 Bxf1 23. Rxf1 h6 24. Rfd1 Rb8 25. Qa3 Ne8 26. Qa4 Qc7 27. Rc2
Rc8 28. Kb1 Nf6 29. Rcd2 Rb8 30. Rd3 Ne8 31. Bd2 Nf6 32. b3 Kh7 33. Rc1 Nd7 34.
Be3 Nf6 35. c4 Nd7 36. Qa3 Nf6 37. Ka1 Kg8 38. Rcd1 Ne8 39. Bd2 Qb7 40. Qa4
Rcc8 41. Bc1 Qb6 42. Be3 Qb7 43. Rd5 f6 44. Qa3 Kh7 45. Qc1 Rc6 46. Qd2 Ra8 47.
h4 Rc7 48. h5 Qc8 49. Qg2 Qe6 50. Rg1 Qf7 51. Qg4 Rb7 52. Bd2 Rc7 53. Bb4 Rc6
54. Qf5+ Kh8 55. Rgd1 Qb7 56. Bxd6 Nxd6 57. Rxd6 Rxd6 58. Rxd6 Qb4 59. Rd7 Qc3+
60. Kb1 Qe1+ 61. Kc2 Qa1 62. Qg4 Qxa2+ 63. Kc3 Qa1+ 64. Kd2 Qb2+ 65. Ke1 Rg8
66. Rb7 Qc1+ 67. Kf2 Qd2+ 68. Kg3 Qe1+ 69. Kg2 Qe2+ 70. Kh3 Qe1 71. Qg3 Qh1+
72. Qh2 Qc1 73. Qg2 Qc3 74. Qg3 1/2-1/2

[Event "1.CLZ 24/25,TJ Pankrac-Zikuda Turnov B"]
[Site "Praha"]
[Date "2024.11.24"]
[Round "3.1"]
[White "Jirovsky, Milos"]
[Black "Haba, Petr"]
[WhiteElo "2430"]
[BlackElo "2425"]
[Result "1/2-1/2"]
[PlyCount "39"]

1. Nf3 d5 2. d4 Nf6 3. c4 e6 4. g3 Bb4+ 5. Bd2 Be7 6. Bg2 O-O 7. b3 dxc4 8.
bxc4 c5 9. dxc5 Ne4 10. Nc3 Nxd2 11. Nxd2 Bxc5 12. O-O Nd7 13. Rb1 Rb8 14. Nde4
b6 15. Nb5 a6 16. Nbd6 Qc7 17. Nxc8 Rfxc8 18. Qa4 Bf8 19. Rfd1 Nc5 20. Nxc5
 1/2-1/2

[Event "1.CLZ 24/25,TJ Pankrac-Zikuda Turnov B"]
[Site "Praha"]
[Date "2024.11.24"]
[Round "3.2"]
[White "Cech, Pavel"]
[Black "Eret, Matous"]
[WhiteElo "2330"]
[BlackElo "2311"]
[Result "1/2-1/2"]
[PlyCount "88"]

1. e4 c5 2. Nf3 e6 3. b3 a6 4. Bb2 Nc6 5. c4 Nf6 6. e5 Ng4 7. g3 Be7 8. h3 Nh6
9. Bg2 O-O 10. O-O f6 11. exf6 Bxf6 12. Bxf6 Qxf6 13. Nc3 Nf5 14. Na4 d6 15.
Nb6 Rb8 16. d3 Qd8 17. Nxc8 Rxc8 18. Qd2 h6 19. g4 Nfd4 20. Nxd4 Nxd4 21. f4
Rc7 22. Rae1 Kh8 23. b4 Rcf7 24. bxc5 dxc5 25. Re5 Qd6 26. Qe3 g5 27. f5 exf5
28. Bd5 f4 29. Qe4 Rg7 30. Re8 f3 31. Rxf8+ Qxf8 32. Qe5 h5 33. gxh5 Kh7 34.
Kf2 Kh6 35. Rg1 Qe7 36. Re1 Qxe5 37. Rxe5 Kxh5 38. Bxf3+ Nxf3 39. Kxf3 Kh4 40.
Kg2 Rd7 41. Rd5 Re7 42. Kf3 Rf7+ 43. Kg2 Re7 44. Kf3 Rf7+ 1/2-1/2

[Event "1.CLZ 24/25,TJ Pankrac-Zikuda Turnov B"]
[Site "Praha"]
[Date "2024.11.24"]
[Round "3.4"]
[White "Vitak, Jiri"]
[Black "Polasek, Jaroslav"]
[WhiteElo "2260"]
[BlackElo "2362"]
[Result "1-0"]
[PlyCount "59"]

1. d4 e6 2. c4 f5 3. Nf3 Nf6 4. g3 Bb4+ 5. Bd2 Qe7 6. Bg2 Ne4 7. O-O b6 8. Bxb4
Qxb4 9. Qc2 O-O 10. Ne5 Bb7 11. Nc3 d5 12. Rac1 Na6 13. a3 Qe7 14. Nxe4 dxe4
15. c5 Bd5 16. f3 exf3 17. Bxf3 bxc5 18. dxc5 Rad8 19. b4 Nb8 20. e4 Qf6 21.
exd5 Qxe5 22. dxe6 Qxe6 23. Rce1 Qh6 24. Bg2 f4 25. Qc4+ Kh8 26. Rxf4 Nc6 27.
Rxf8+ Rxf8 28. Qf7 g6 29. Qd7 Ne5 30. Qd4 1-0

[Event "1.CLZ 24/25,TJ Pankrac-Zikuda Turnov B"]
[Site "Praha"]
[Date "2024.11.24"]
[Round "3.5"]
[White "Simet, Martin"]
[Black "Liska, Jiri"]
[WhiteElo "2154"]
[BlackElo "2270"]
[Result "0-1"]
[PlyCount "54"]

1. d4 Nf6 2. Bf4 g6 3. Nf3 Bg7 4. Nc3 c5 5. e3 O-O 6. Qd2 d5 7. Rd1 Nc6 8. dxc5
Nh5 9. Bg5 h6 10. Bh4 g5 11. Bg3 Nxg3 12. hxg3 e6 13. Bd3 f5 14. Nb5 e5 15. Be2
Be6 16. c4 dxc4 17. Nd6 Qe7 18. Qc1 Rad8 19. Bxc4 b6 20. Nb7 Rxd1+ 21. Kxd1
Bxc4 22. Qxc4+ Kh8 23. Qa6 Nb4 24. Qxa7 bxc5 25. a4 Qd7+ 26. Kc1 Qd3 27. Ne1
Na2# 0-1

[Event "1.CLZ 24/25,TJ Pankrac-Zikuda Turnov B"]
[Site "Praha"]
[Date "2024.11.24"]
[Round "3.6"]
[White "Zima, Jan"]
[Black "Matras, Ondrej"]
[WhiteElo "2222"]
[BlackElo "2063"]
[Result "1/2-1/2"]
[PlyCount "49"]

1. e4 e6 2. d4 d5 3. Nc3 Bb4 4. Ne2 dxe4 5. a3 Be7 6. Nxe4 Nf6 7. Nxf6+ Bxf6 8.
Be3 Nc6 9. Qd2 Ne7 10. Bg5 Nf5 11. Bxf6 Qxf6 12. Qc3 Bd7 13. O-O-O O-O-O 14. f4
Bb5 15. Ng3 Bxf1 16. Rhxf1 Rxd4 17. Nxf5 Rxd1+ 18. Rxd1 Qxf5 19. Qxg7 Qxf4+ 20.
Kb1 Rd8 21. Rxd8+ Kxd8 22. Qxh7 Qf1+ 23. Ka2 Qxg2 24. Qxf7 Qxh2 25. Qxe6
 1/2-1/2

[Event "1.CLZ 24/25,TJ Pankrac-Zikuda Turnov B"]
[Site "Praha"]
[Date "2024.11.24"]
[Round "3.7"]
[White "Sindler, Michal"]
[Black "Sykora, Marek"]
[WhiteElo "2167"]
[BlackElo "2241"]
[Result "0-1"]
[PlyCount "72"]

1. e4 d6 2. d4 Nf6 3. Nc3 e5 4. Nge2 Be7 5. h3 Nbd7 6. g4 h6 7. Bg2 c6 8. O-O
Qc7 9. Be3 g5 10. Ng3 Nf8 11. dxe5 dxe5 12. Nf5 Ne6 13. Bf3 Nf4 14. Bxf4 gxf4
15. Kg2 Bf8 16. Qd3 Be6 17. Rad1 Rd8 18. Qe2 Rg8 19. Rxd8+ Kxd8 20. Qd3+ Kc8
21. Be2 h5 22. f3 Bb4 23. Rd1 hxg4 24. hxg4 Bxf5 25. exf5 Bxc3 26. bxc3 Nd5 27.
Rb1 Ne3+ 28. Kg1 Qe7 29. f6 Qxf6 30. Rxb7 Kxb7 31. Qa6+ Kb8 32. Qa5 Rh8 33. Ba6
Rh1+ 34. Kf2 Qh4+ 35. Ke2 Qh2+ 36. Kd3 Qxc2# 0-1

[Event "1.CLZ 24/25,TJ Pankrac-Zikuda Turnov B"]
[Site "Praha"]
[Date "2024.11.24"]
[Round "3.8"]
[White "Marsalek, Zdenek"]
[Black "Postupa, Pavel"]
[WhiteElo "2164"]
[BlackElo "2158"]
[Result "1/2-1/2"]
[PlyCount "93"]

1. d4 Nf6 2. Nf3 g6 3. g3 Bg7 4. Bg2 d5 5. O-O O-O 6. c4 dxc4 7. Na3 c5 8. Nxc4
Be6 9. b3 Nc6 10. Bb2 Rc8 11. Rc1 Ne4 12. e3 cxd4 13. exd4 Nf6 14. Qe2 Bd5 15.
Rfe1 Re8 16. Ne3 Be4 17. Bh3 e6 18. Bf1 Ne7 19. Ne5 Rxc1 20. Rxc1 Nc6 21. Rd1
Qa5 22. a3 Rd8 23. N3c4 Qc7 24. b4 a6 25. Nxc6 Bxc6 26. Ne5 Bb5 27. Qf3 Qc2 28.
Bxb5 axb5 29. Bc1 Rd5 30. Bg5 Qf5 31. Qxf5 gxf5 32. Rc1 h6 33. Rc8+ Kh7 34. Be3
Ng4 35. Nxg4 fxg4 36. Rc7 Kg6 37. Rxb7 h5 38. Kg2 f5 39. Rb6 Kf7 40. h3 gxh3+
41. Kxh3 Bf6 42. Kg2 h4 43. gxh4 Bxh4 44. Kf3 Bf6 45. Rb7+ Kg6 46. Rb6 Kf7 47.
Rb7+ 1/2-1/2

[Event "1.CLZ 24/25,Chess club Pisek-Zikuda Turnov B"]
[Site "Pisek"]
[Date "2024.12.08"]
[Round "4.1"]
[White "Miesbauer, Jan"]
[Black "Finek, Vaclav"]
[WhiteElo "2399"]
[BlackElo "2477"]
[Result "0-1"]
[PlyCount "90"]

1. Nf3 Nf6 2. c4 c6 3. b3 d5 4. Bb2 Bf5 5. g3 e6 6. Bg2 h6 7. O-O Nbd7 8. d3
Be7 9. Nbd2 O-O 10. Re1 Bh7 11. a3 a5 12. Ra2 Qb6 13. Qa1 Rfe8 14. Bc3 Bc5 15.
d4 Bf8 16. c5 Qa7 17. Rc1 b6 18. cxb6 Qxb6 19. b4 axb4 20. Bxb4 c5 21. dxc5
Nxc5 22. Bc3 Ncd7 23. a4 Rec8 24. e3 Bd3 25. Bf1 Bxf1 26. Kxf1 Qa6+ 27. Kg1 Ne8
28. Nd4 Nc5 29. Bb4 Nd3 30. Rxc8 Rxc8 31. Bc3 Nd6 32. Rc2 e5 33. N4f3 Nf5 34.
Qb1 Qc6 35. Qf1 e4 36. Nb3 Qxa4 37. Nfd4 Nxd4 38. Nxd4 Bc5 39. Qa1 Qxa1+ 40.
Bxa1 Rb8 41. Ra2 Kh7 42. Ra5 Rb1+ 43. Kg2 h5 44. h3 Ne1+ 45. Kf1 Nf3+ 0-1

[Event "1.CLZ 24/25,Chess club Pisek-Zikuda Turnov B"]
[Site "Pisek"]
[Date "2024.12.08"]
[Round "4.2"]
[White "Haba, Petr"]
[Black "Stinka, Jakub"]
[WhiteElo "2426"]
[BlackElo "2343"]
[Result "1/2-1/2"]
[PlyCount "87"]

1. c4 e6 2. Nc3 d5 3. d4 Nf6 4. Nf3 Be7 5. Bf4 O-O 6. e3 b6 7. Be2 dxc4 8. Bxc4
Ba6 9. Bxa6 Nxa6 10. O-O c5 11. Qe2 Qc8 12. Rac1 Qb7 13. Nb5 Rfc8 14. a3 Nd5
15. Bd6 cxd4 16. e4 Rxc1 17. Rxc1 Rd8 18. exd5 Bxd6 19. Nxd6 Rxd6 20. Qb5 Rd8
21. dxe6 fxe6 22. Nxd4 Qd5 23. Qxd5 Rxd5 24. Nxe6 Kf7 25. Nc7 Nxc7 26. Rxc7+
Kf6 27. g3 Rb5 28. b4 a5 29. Rc4 Kf7 30. Kf1 Re5 31. Rc7+ Kf8 32. Rc3 axb4 33.
axb4 Re4 34. Rf3+ Kg8 35. Rb3 b5 36. Kg2 g5 37. f3 Rc4 38. g4 Kg7 39. Kg3 Kg6
40. h4 gxh4+ 41. Kxh4 h5 42. Rd3 hxg4 43. fxg4 Rxb4 44. Rd6+ 1/2-1/2

[Event "1.CLZ 24/25,Chess club Pisek-Zikuda Turnov B"]
[Site "Pisek"]
[Date "2024.12.08"]
[Round "4.3"]
[White "Hak, David"]
[Black "Sodoma, Jan"]
[WhiteElo "2282"]
[BlackElo "2335"]
[Result "1/2-1/2"]
[PlyCount "117"]

1. d4 Nf6 2. c4 e6 3. Nc3 Bb4 4. e3 O-O 5. Bd3 d5 6. Nge2 c5 7. a3 Bxc3+ 8.
Nxc3 cxd4 9. exd4 dxc4 10. Bxc4 Nc6 11. Be3 b6 12. O-O Bb7 13. Bd3 Qd7 14. Qd2
Ng4 15. Rad1 Nxe3 16. fxe3 Rad8 17. Qe2 Ne7 18. Qh5 f5 19. Bb1 Nd5 20. Rfe1
Nxc3 21. bxc3 Rf6 22. e4 Qc7 23. exf5 Rh6 24. Qg5 Qxh2+ 25. Kf2 Qd6 26. Rxe6
Rxe6 27. fxe6 Rf8+ 28. Kg1 Qxe6 29. Qe5 Qb3 30. Qh5 h6 31. d5 Qxc3 32. Qg6 Qe3+
33. Kh1 Rf6 34. Qh7+ Kf7 35. Qc2 Qc5 36. Qe2 Qe7 37. Qc4 Qd6 38. Qe2 g6 39. Qd3
Rf5 40. Rf1 Rxf1+ 41. Qxf1+ Kg7 42. Be4 Qe5 43. Qd3 h5 44. Bf3 h4 45. Qd1 Bc8
46. Qa4 Qe1+ 47. Kh2 Qg3+ 48. Kh1 h3 49. Qxa7+ Kh6 50. Qe7 hxg2+ 51. Bxg2 Bh3
52. Qf8+ Kh7 53. Qe7+ Kh6 54. Be4 Qe1+ 55. Kh2 Bf5 56. Qf8+ Kh7 57. Bxf5 Qf2+
58. Kh3 Qf3+ 59. Kh2 1/2-1/2

[Event "1.CLZ 24/25,Chess club Pisek-Zikuda Turnov B"]
[Site "Pisek"]
[Date "2024.12.08"]
[Round "4.4"]
[White "Vitak, Jiri"]
[Black "Mametev, Artem"]
[WhiteElo "2255"]
[BlackElo "2146"]
[Result "1-0"]
[PlyCount "103"]

1. d4 Nf6 2. c4 g6 3. g3 Bg7 4. Bg2 d5 5. cxd5 Nxd5 6. Nf3 O-O 7. O-O Nc6 8.
Nc3 e5 9. Nxd5 e4 10. Nd2 Qxd5 11. e3 f5 12. f3 Re8 13. fxe4 fxe4 14. Qb3 Qxb3
15. Nxb3 Bf5 16. Bd2 a5 17. Nc1 Nxd4 18. exd4 Bxd4+ 19. Kh1 Bxb2 20. Rb1 Bd4
21. Ne2 Bb6 22. Bc3 Rad8 23. h3 Be6 24. Rb2 Bc4 25. Kh2 Rd3 26. Rc1 Bf7 27. Nf4
Rd7 28. h4 a4 29. Re1 a3 30. Rbe2 e3 31. Bxb7 Red8 32. Bf3 Bc4 33. Rg2 Kf7 34.
Bb4 h6 35. Bxa3 Rd2 36. Bc1 Rf2 37. Be4 g5 38. hxg5 hxg5 39. Nh3 Rh8 40. Bxe3
Rxa2 41. Bxg5 Ra5 42. Bh4 Rh6 43. Rc2 Ra2 44. Rxa2 Bxa2 45. Nf4 Rd6 46. Bg6+
Kg8 47. Re8+ Kg7 48. Re7+ Kf8 49. Bf5 Bf7 50. Be6 Be8 51. Rh7 Rd2+ 52. Kh3 1-0

[Event "1.CLZ 24/25,Chess club Pisek-Zikuda Turnov B"]
[Site "Pisek"]
[Date "2024.12.08"]
[Round "4.5"]
[White "Janous, Marek"]
[Black "Liska, Jiri"]
[WhiteElo "2215"]
[BlackElo "2282"]
[Result "1/2-1/2"]
[PlyCount "69"]

1. e4 Nf6 2. e5 Nd5 3. d4 d6 4. Nf3 g6 5. c4 Nb6 6. exd6 cxd6 7. Be2 Bg7 8. O-O
O-O 9. h3 e5 10. dxe5 dxe5 11. Qxd8 Rxd8 12. Nc3 Nc6 13. Bg5 f6 14. Be3 Be6 15.
b3 Nd4 16. Rad1 Nxe2+ 17. Nxe2 Nd7 18. Nc3 Rdc8 19. Ne4 Rc7 20. Rd6 Nf8 21.
Rfd1 h6 22. Nc5 Bf7 23. Rd8 Rxd8 24. Rxd8 f5 25. Na4 b6 26. c5 e4 27. Nd4 bxc5
28. Nb5 Rd7 29. Rxd7 Nxd7 30. Nxa7 c4 31. bxc4 Bxc4 32. a3 Bb3 33. Nc5 Nxc5 34.
Bxc5 Kf7 35. Nc6 1/2-1/2

[Event "1.CLZ 24/25,Chess club Pisek-Zikuda Turnov B"]
[Site "Pisek"]
[Date "2024.12.08"]
[Round "4.6"]
[White "Zima, Jan"]
[Black "Novotny, Michal"]
[WhiteElo "2227"]
[BlackElo "2219"]
[Result "1-0"]
[PlyCount "67"]

1. e4 c5 2. Nf3 a6 3. g3 Nc6 4. Bg2 e5 5. O-O d6 6. c3 g5 7. d3 Be7 8. Na3 h5
9. Nc2 g4 10. Nfe1 Bf6 11. Ne3 Be6 12. N1c2 Qd7 13. Nd5 Bxd5 14. exd5 Nce7 15.
d4 exd4 16. cxd4 c4 17. Qe2 Rc8 18. Bf4 Kf8 19. Qd2 Ng6 20. Bg5 Qf5 21. Bxf6
Nxf6 22. Ne3 Qd7 23. Qb4 b5 24. a4 Ne8 25. axb5 Qxb5 26. Qc3 Ne7 27. Ra5 Qb8
28. Nxc4 Nc7 29. Qe3 Qb4 30. b3 Rb8 31. Qf4 Ne8 32. Rxa6 Ng6 33. Qf5 Rd8 34.
Ra7 1-0

[Event "1.CLZ 24/25,Chess club Pisek-Zikuda Turnov B"]
[Site "Pisek"]
[Date "2024.12.08"]
[Round "4.7"]
[White "Vybiral, Zdenek"]
[Black "Vltavsky, Vladimir"]
[WhiteElo "2148"]
[BlackElo "2081"]
[Result "1/2-1/2"]
[PlyCount "74"]

1. d4 d6 2. e4 Nf6 3. Nc3 e5 4. Nge2 c6 5. g3 b5 6. a3 a6 7. Bg2 Nbd7 8. O-O
Be7 9. h3 c5 10. d5 Rb8 11. Be3 Nb6 12. b3 O-O 13. Kh2 Ne8 14. Qd2 Bd7 15. f4
f6 16. Nd1 a5 17. Qxa5 b4 18. Qa6 Ra8 19. Qd3 bxa3 20. Bc1 c4 21. bxc4 Rc8 22.
Ne3 Nxc4 23. Nxc4 Bb5 24. Rxa3 Bxc4 25. Qe3 Nc7 26. Rf2 Nb5 27. Ra1 Qc7 28. Bf1
Ra8 29. Bb2 Rxa1 30. Bxa1 Ra8 31. Bb2 Ra2 32. Qc1 Qc5 33. Rf3 Qb4 34. Bc3 Qa4
35. Bb2 Qb4 36. Bc3 Qa4 37. Bb2 Qb4 1/2-1/2

[Event "1.CLZ 24/25,Chess club Pisek-Zikuda Turnov B"]
[Site "Pisek"]
[Date "2024.12.08"]
[Round "4.8"]
[White "Duran, Tomas"]
[Black "Grill, Roman"]
[WhiteElo "2121"]
[BlackElo "2119"]
[Result "1/2-1/2"]
[PlyCount "62"]

1. e4 g6 2. d4 Bg7 3. Nc3 c6 4. Bc4 d5 5. exd5 b5 6. Bb3 b4 7. Nce2 cxd5 8. a3
bxa3 9. Rxa3 Nf6 10. Nf3 O-O 11. O-O Nc6 12. Re1 Bb7 13. Nf4 Na5 14. Ba2 Nc4
15. Bxc4 dxc4 16. Ne5 Nd5 17. Nxc4 Nxf4 18. Bxf4 Qd5 19. Ne3 Qe4 20. Be5 Bxe5
21. dxe5 Rfd8 22. Qf3 Qxf3 23. gxf3 Bxf3 24. Rea1 Rd7 25. Nc4 Rd1+ 26. Rxd1
Bxd1 27. Ne3 Bf3 28. Kf1 Rb8 29. b3 Rb7 30. Ke1 Rd7 31. b4 f5 1/2-1/2

[Event "1.CLZ 24/25,Ricany 1925-TJ Pankrac"]
[Site "Ricany"]
[Date "2024.12.08"]
[Round "4.1"]
[White "Smolik, Jachym"]
[Black "Eret, Matous"]
[WhiteElo "2315"]
[BlackElo "2312"]
[Result "0-1"]
[PlyCount "100"]

1. c4 e5 2. g3 f5 3. Bg2 Nc6 4. Nc3 Nf6 5. e3 Be7 6. Nge2 O-O 7. O-O Qe8 8. Nd5
Bd8 9. Nec3 d6 10. d4 Qg6 11. b4 h5 12. b5 Nb8 13. c5 dxc5 14. dxe5 Ng4 15. Nf4
Qe8 16. Qd5+ Kh7 17. Nd3 c6 18. bxc6 Nxc6 19. f4 Be6 20. Qf3 Bb6 21. h3 Rd8 22.
Nb2 Nd4 23. exd4 cxd4 24. Nca4 Bd5 25. Qxd5 Rxd5 26. Bxd5 Qb5 27. Nxb6 Qxb6 28.
hxg4 d3+ 29. Rf2 Rd8 30. Nc4 Qd4 31. Bb2 Qxd5 32. Nd6 fxg4 33. Rd1 Qxa2 34.
Rfd2 b5 35. Bd4 Qa4 36. Rxd3 b4 37. f5 b3 38. Ne4 b2 39. Ng5+ Kg8 40. f6 Qc2
41. f7+ Kf8 42. R3d2 b1=Q 43. Rxb1 Qxb1+ 44. Kh2 Rxd4 45. Ne6+ Kxf7 46. Nxd4
Qf1 47. e6+ Ke7 48. Re2 Qh3+ 49. Kg1 Qxg3+ 50. Kh1 Qd3 0-1

[Event "1.CLZ 24/25,Ricany 1925-TJ Pankrac"]
[Site "Ricany"]
[Date "2024.12.08"]
[Round "4.2"]
[White "Dolezal, Radoslav"]
[Black "Seidl, Jan"]
[WhiteElo "2329"]
[BlackElo "2262"]
[Result "1/2-1/2"]
[PlyCount "34"]

1. d4 Nf6 2. Nf3 e6 3. c4 d5 4. Nc3 Nbd7 5. cxd5 exd5 6. Bf4 c6 7. h3 Be7 8. e3
O-O 9. Bd3 Re8 10. Qc2 Nf8 11. O-O Ng6 12. Bh2 Bd6 13. Bxd6 Qxd6 14. Rab1 a5
15. Rfc1 Be6 16. a3 Rac8 17. b4 axb4 1/2-1/2

[Event "1.CLZ 24/25,Ricany 1925-TJ Pankrac"]
[Site "Ricany"]
[Date "2024.12.08"]
[Round "4.3"]
[White "Prazak, Daniel"]
[Black "Matras, Ondrej"]
[WhiteElo "2321"]
[BlackElo "2096"]
[Result "1-0"]
[PlyCount "53"]

1. e4 e6 2. d4 d5 3. Nc3 Bb4 4. e5 c5 5. a3 Ba5 6. Qg4 Ne7 7. dxc5 Bxc3+ 8.
bxc3 Ng6 9. Nf3 Nc6 10. Qg3 Qc7 11. h4 Bd7 12. Bd3 Ngxe5 13. O-O O-O-O 14. Nxe5
Nxe5 15. Bf4 f6 16. Rab1 Qxc5 17. Bxe5 fxe5 18. Qxe5 g6 19. Ba6 Bc6 20. Qxe6+
Rd7 21. Bxb7+ Bxb7 22. Rxb7 Kxb7 23. Qxd7+ Ka8 24. Rb1 Rb8 25. Rxb8+ Kxb8 26.
Qxh7 Qxc3 27. Qxg6 1-0

[Event "1.CLZ 24/25,Ricany 1925-TJ Pankrac"]
[Site "Ricany"]
[Date "2024.12.08"]
[Round "4.4"]
[White "Soural, Jan"]
[Black "Bednar, Marcel"]
[WhiteElo "2138"]
[BlackElo "2217"]
[Result "1-0"]
[PlyCount "117"]

1. Nf3 Nf6 2. c4 b6 3. g3 e5 4. Bg2 e4 5. Nd4 Bb7 6. O-O Na6 7. Nc3 Bb4 8. Nd5
Nxd5 9. cxd5 Qf6 10. Nb5 Bxd5 11. Qa4 c6 12. Qxa6 cxb5 13. Qxb5 Bc5 14. d3 a6
15. Qa4 Bc6 16. Qc2 exd3 17. Qxd3 O-O 18. Bxc6 dxc6 19. Be3 Rfd8 20. Qb3 Bxe3
21. Qxe3 c5 22. b3 Qd4 23. Qxd4 Rxd4 24. Rfc1 f5 25. Kf1 Kf7 26. Ke1 Rad8 27.
e3 Rb4 28. Rc2 Rd6 29. h4 a5 30. Rd1 Ke6 31. Rxd6+ Kxd6 32. Rd2+ Kc7 33. Kd1 a4
34. Kc2 a3 35. Rd5 g6 36. Re5 c4 37. Re7+ Kd6 38. Rxh7 Ke5 39. f3 Rb5 40. Rg7
cxb3+ 41. axb3 Rc5+ 42. Kb1 Rc3 43. Ka2 Rc2+ 44. Kxa3 Rg2 45. Re7+ Kf6 46. Re8
Rxg3 47. f4 Rg1 48. Re5 Ra1+ 49. Kb4 Kf7 50. Kb5 Ra5+ 51. Kxb6 Rxe5 52. fxe5
Ke6 53. b4 Kxe5 54. Kc5 Ke4 55. b5 Kxe3 56. b6 f4 57. b7 f3 58. b8=Q f2 59. Qb1
 1-0

[Event "1.CLZ 24/25,Ricany 1925-TJ Pankrac"]
[Site "Ricany"]
[Date "2024.12.08"]
[Round "4.5"]
[White "Trickov, Vasil"]
[Black "Postupa, Pavel"]
[WhiteElo "2303"]
[BlackElo "2158"]
[Result "1-0"]
[PlyCount "89"]

1. d4 Nf6 2. Nf3 g6 3. c4 Bg7 4. g3 O-O 5. Bg2 d5 6. O-O dxc4 7. Na3 c3 8. bxc3
c5 9. Ne5 Nc6 10. Nxc6 bxc6 11. Qa4 Bd7 12. dxc5 Qc7 13. Bf4 e5 14. Bg5 Nd5 15.
Rac1 e4 16. Qxe4 Nxc3 17. Qd3 Nxa2 18. Rb1 Nc3 19. Bf4 Qa5 20. Nc4 Qa6 21. Rb3
Bf5 22. e4 Rfd8 23. Bd6 Be6 24. Rxc3 Bxc3 25. Qxc3 Qxc4 26. Qf6 Rxd6 27. cxd6
Bd7 28. Qb2 Qb5 29. Qa1 a5 30. e5 Rb8 31. Rc1 a4 32. h3 Rb6 33. Bf1 Qa5 34. Bc4
a3 35. e6 fxe6 36. Qf6 Rb8 37. Bxe6+ Bxe6 38. Qxe6+ Kg7 39. Qe7+ Kg8 40. d7 Rf8
41. Rd1 a2 42. Qxf8+ Kxf8 43. d8=Q+ Qxd8 44. Rxd8+ Ke7 45. Ra8 1-0